000
00349nam a2200145Ia 4500
008
231011s9999 xx 000 0 und d
041
_a
eng
082
_a
820
100
_a
Hamilton Roger
245
_a
Wink and Grow Rich
250
_a
1st
260
_b
Macmillan Publishers India Pvt. Ltd. Delhi/Mumbai
_c
2005
300
_a
134
365
_b
116
999
_c
899776
_d
899776